Structure and properties of silicate melts /

Bibliographic Details
Main Author: Mysen, B. O. (Bjorn O.)
Format: Book
Language:English
Published: Amsterdam ; New York : Elsevier, 1988.
Series:Developments in geochemistry ; 4.
Subjects:

MARC

Tag First Indicator Second Indicator Subfields
LEADER 00000cam a22000008a 4500
001 in00000020222
005 20151007053844.0
008 880309s1988 ne a b 00110 eng
010 |a  88007121  
020 |a 044442959X (U.S.) :  |c fl 150.00 (Netherlands : est.) 
035 |a (OCoLC)17677521 
035 |9 AAB3060AM 
040 |a DLC  |c DLC  |d TXA  |d UtOrBLW 
049 |a TXAM  |c [A11051689] 
050 0 0 |a QE389.62  |b .M97 1988 
082 0 |a 552/.1  |2 19 
100 1 |a Mysen, B. O.  |q (Bjorn O.) 
245 1 0 |a Structure and properties of silicate melts /  |c B.O. Mysen. 
263 |a 8804 
264 1 |a Amsterdam ;  |a New York :  |b Elsevier,  |c 1988. 
300 |a vii, 354 pages :  |b illustrations 
336 |a text  |b txt  |2 rdacontent 
337 |a unmediated  |b n  |2 rdamedia 
338 |a volume  |b nc  |2 rdacarrier 
490 1 |a Developments in geochemistry ;  |v 4 
504 |a Bibliography: pages [295]-326. 
500 |a Includes indexes. 
650 0 |a Silicates. 
650 0 |a Silicate minerals. 
650 0 |a Glasses. 
740 0 |a Silicate melts. 
830 0 |a Developments in geochemistry ;  |v 4. 
999 |a MARS 
999 f f |s 4abfb92f-ab00-3c6f-8585-c641d0484e61  |i 25b06520-0a87-35dd-abd4-3ac5c05cd08b  |t 0 
952 f f |p ric  |a Texas A&M University  |b Rellis Campus  |c Joint Library Facility  |s JLF  |d Remote Storage  |t 0  |e QE389.62 .M97 1988  |h Library of Congress classification  |i unmediated -- volume  |m A14811051689 
998 f f |a QE389.62 .M97 1988  |t 0  |l Remote Storage